Теория приближенных методов. Линейные уравнения: учебное пособие

Podrobná bibliografie
Hlavní autor: Даугавет И. К.
Shrnutí:Книга является вторым, исправленным и дополненным, изданием опубликованного в 1985 году учебника «Приближенное решение линейных функциональных уравнений». Излагается исследование основных приближенных методов решения задач математической физики (проекционные методы, метод сеток, включая метод конечных элементов), основанное на общей схеме, использующей язык функционального анализа. Конкретными объектами исследования являются метод механических квадратур для интегральных уравнений (используется принцип компактной аппроксимации), методы Ритца, Галеркина, метод сеток для эллиптических уравнений, уравнений теплопроводности и колебаний струны. Основное внимание уделяется вопросам сходимости и устойчивости. Некоторые из результатов принадлежат автору. В новом издании добавлены некоторые результаты, касающиеся метода конечных элементов и устойчивости. Для студентов технических вузов и математических факультетов университетов, специалистов в области приближенных методов и их приложений
Jazyk:ruština
Vydáno: СПб., БХВ-Петербург, 2006
Vydání:2-е изд.
Témata:
Médium: MixedMaterials Kniha
KOHA link:https://koha.lib.tpu.ru/cgi-bin/koha/opac-detail.pl?biblionumber=117848

MARC

LEADER 00000nam0a2200000 4500
001 117848
005 20231031123936.0
010 |a 5941577370 
035 |a (RuTPU)RU\TPU\book\127555 
090 |a 117848 
100 |a 20070606d2006 m y0rusy50 ca 
101 0 |a rus 
102 |a RU 
105 |a a j 001zy 
200 1 |a Теория приближенных методов. Линейные уравнения  |e учебное пособие  |f И. К. Даугавет 
205 |a 2-е изд. 
210 |a СПб.  |c БХВ-Петербург  |d 2006 
215 |a 288 с.  |c ил. 
320 |a Литература: с. 271-272. 
330 |a Книга является вторым, исправленным и дополненным, изданием опубликованного в 1985 году учебника «Приближенное решение линейных функциональных уравнений». Излагается исследование основных приближенных методов решения задач математической физики (проекционные методы, метод сеток, включая метод конечных элементов), основанное на общей схеме, использующей язык функционального анализа. Конкретными объектами исследования являются метод механических квадратур для интегральных уравнений (используется принцип компактной аппроксимации), методы Ритца, Галеркина, метод сеток для эллиптических уравнений, уравнений теплопроводности и колебаний струны. Основное внимание уделяется вопросам сходимости и устойчивости. Некоторые из результатов принадлежат автору. В новом издании добавлены некоторые результаты, касающиеся метода конечных элементов и устойчивости. Для студентов технических вузов и математических факультетов университетов, специалистов в области приближенных методов и их приложений 
610 1 |a приближенные методы 
610 1 |a линейные уравнения 
610 1 |a учебные пособия 
610 1 |a функциональные уравнения 
610 1 |a интегральные уравнения 
610 1 |a проекционные методы 
610 1 |a приближенные решения 
610 1 |a метод механических квадратур 
610 1 |a теорема о сходимости 
610 1 |a метод Галеркина 
610 1 |a метод моментов 
610 1 |a метод Ритца 
610 1 |a метод сеток 
610 1 |a метод конечных элементов 
610 1 |a метод прогонки 
675 |a 517.96(075.8)  |v 3 
700 1 |a Даугавет  |b И. К. 
801 1 |a RU  |b 63413507  |c 20070606  |g PSBO 
801 2 |a RU  |b 63413507  |c 20120306  |g PSBO 
900 |a Теория приближенных методов 
942 |c BK 
951 |b 010503 
959 |a 47/20070604  |d 1  |e 119,00  |f ЧЗТЛ:1